| 000 | 01451nam a2200325 a 4500 | ||
|---|---|---|---|
| 001 | BRCA_3174 | ||
| 005 | 20190320204139.0 | ||
| 008 | 130209s1842----ne-a---###---#000-0#dut-u | ||
| 041 | _adut | ||
| 044 | _ane | ||
| 084 |
_a475 _b.T47 _c1842 |
||
| 100 | 1 |
_aCervantes Saavedra, Miguel de _d1547-1616 _9213 |
|
| 245 | 1 | 0 |
_aLotgevallen van den Ridder Don Quichot en zijn schildknapp Sancho Pansa _cMiguel de Cervantes Saavedra. |
| 260 |
_aDeventer (Holanda) _bA. Tergunne _c1842 |
||
| 300 |
_a224 p. _bil. _c19 cm. |
||
| 500 | _aContenido : Nota preliminar del traductor. Texto compendiado de ambas partes. | ||
| 500 | _aEdición : Voor de jeugd bewerkt door G. Engelberts Gerrits. Twweede druk | ||
| 500 | _aAbreviación del Quijote para uso de la juventud, hecha por G. Engelberts con varias láminas faltas de originalidad. La impresión es buena. Tela; lomo y planos adornados con dorados Lúdovik Osterc | ||
| 500 | _aEstado físico : Algunas hojas de esta edición se encuentran desprendidas | ||
| 500 | _aQM569A | ||
| 546 | _aTexto en : holandés | ||
| 650 | 1 | 4 |
_aNovela española _yÉpoca clásica, 1500-1700 _9215 |
| 650 | 1 | 4 |
_aLiteratura española _yÉpoca clásica, 1500-1700 _9216 |
| 650 | 1 | 4 |
_aNovela española _ySiglo XVII _9217 |
| 650 | 1 | 4 |
_aDon Quijote (Personaje ficticio) _eNovela _9218 |
| 700 | 1 |
_aEngelberts, G. _eTraductor _98544 |
|
| 740 | 0 | _aEl Ingenioso Hidalgo Don Quijote de la Mancha | |
| 902 | _aQFM | ||
| 942 |
_2lcc _cB |
||
| 999 |
_c2910 _d2910 |
||